000 00426 a2200157 4500
001 62709
020 _a978126757850
040 _cAnchieta - Pituba
100 _aWegner, Wolfgang
240 1 0 _aMit erfolg zum Test Daf B2 - C1
_lpor
245 1 0 _aMit erfolg zum Test Daf B2 - C1
300 _a180
362 0 _a2015
650 4 _a Uso padrão da língua alemã (prescptiva linguística - proficiência alemã)
942 _cBK
999 _c62709
_d62709